A new leaf? (Record no. 74800)
[ view plain ]
| 000 -LEADER | |
|---|---|
| fixed length control field | 01092cab a2200229 4500 |
| 001 - CONTROL NUMBER | |
| control field | ABS68700 |
| 008 - FIXED-LENGTH DATA ELEMENTS--GENERAL INFORMATION | |
| fixed length control field | 050215n2005 000 0 eng u |
| 035 ## - SYSTEM CONTROL NUMBER | |
| System control number | (Sirsi) u128807 |
| 100 ## - MAIN ENTRY--PERSONAL NAME | |
| Personal name | Buchanan, B. |
| 245 #2 - TITLE STATEMENT | |
| Title | A new leaf? |
| 260 ## - PUBLICATION, DISTRIBUTION, ETC. | |
| Date of publication, distribution, etc. | 2005 |
| 490 ## - SERIES STATEMENT | |
| Series statement | Inside Housing |
| Volume/sequential designation | 22(5) 4 February 2005, 17-20(4) |
| 520 ## - SUMMARY, ETC. | |
| Summary, etc. | The Housing Corporation is likely to raise the EcoHomes rating it demands for funding new homes to at least very good as early as 2006. Looks at the financial and practical concerns of housing association developers seeking to comply with this proposed standard. Provides information on the EcoHomes standard, on the government sustainable buildings task group's work on a draft building sustainability code and discusses the difficult task of upgrading existing older housing stock to meet the new requirements. |
| 590 ## - LOCAL NOTE (RLIN) | |
| Local note | ABS |
| 650 ## - SUBJECT ADDED ENTRY--TOPICAL TERM | |
| Topical term or geographic name entry element | SUSTAINABLE BUILDING |
| 650 ## - SUBJECT ADDED ENTRY--TOPICAL TERM | |
| Topical term or geographic name entry element | ECOHOMES |
| 650 ## - SUBJECT ADDED ENTRY--TOPICAL TERM | |
| Topical term or geographic name entry element | ENVIRONMENTAL RATING SYSTEM |
| 650 ## - SUBJECT ADDED ENTRY--TOPICAL TERM | |
| Topical term or geographic name entry element | NEW HOMES |
| 650 ## - SUBJECT ADDED ENTRY--TOPICAL TERM | |
| Topical term or geographic name entry element | SOCIAL HOUSING |
| 690 ## - LOCAL SUBJECT ADDED ENTRY--TOPICAL TERM (OCLC, RLIN) | |
| Topical term or geographic name as entry element | BUILT ENVIRONMENT-SUSTAINABLE CONSTRUCTION |
| 942 ## - ADDED ENTRY ELEMENTS (KOHA) | |
| Suppress in OPAC | 0 |
| Withdrawn status | Lost status | Source of classification or shelving scheme | Damaged status | Not for loan | Home library | Current library | Shelving location | Date acquired | Total Checkouts | Full call number | Barcode | Date last seen | Copy number | Price effective from | Koha item type |
|---|---|---|---|---|---|---|---|---|---|---|---|---|---|---|---|
| Dewey Decimal Classification | London | London | Journal article | 15/02/2005 | ABS68700 | 128807-1001 | 06/08/2019 | 1 | 06/08/2019 | Journal article |